000 00814nas a2200265 4500
001 BR2015007134
003 BR-BrBNA
005 20231205130000.0
007 ta
008 230509b bl.|||p| |||| 00| 00por d
040 _aBR-BrBNA
_bpor
_cBiblioteca Nacional de Agricultura
041 _a(En)
072 _aP33
100 1 _aPitombo, L.M.
100 1 _aCarmo, J.B. do
100 1 _aMaria, I.C. de
100 1 _aAndrade, C.A. de
245 1 _aCarbon sequestration and greenhouse gases emissiions in soil under sewage sludge residual effects
650 _aANÁLISE DO SOLO
650 _aNITROGÊNIO
650 _aMETANO
773 0 _tScientia Agricola (Brazil)
_xISSN 0103-9016
_g(Mar-Apr 2015), v. 72(2) p. 147-156
_wBR2015007134
909 _a202311
_bLúcia
_c55
_dLúcia Elande
942 _2AGRIS
_n0
_cANA
999 _c247255
_d247255